[Event "Innsbruck op-B 3rd"]
[Site "Innsbruck"]
[Date "2019.08.28"]
[Round "6"]
[White "Beyer, Edith"]
[Black "Reginato, Lino"]
[Result "0-1"]
[WhiteElo "1445"]
[BlackElo "1674"]
[PlyCount "88"]
[EventDate "2019.08.25"]
[EventType "swiss"]
[EventRounds "9"]
[EventCountry "AUT"]
[SourceTitle "EXT 2020"]
[Source "ChessBase"]
[SourceDate "2019.10.17"]
[SourceVersion "1"]
[SourceVersionDate "2019.10.17"]
[SourceQuality "1"]

1. e4 e5 2. Nf3 Nc6 3. Bc4 Bc5 4. c3 d6 5. 0-0 Bg4 6. d3 h6 7. Be3 Bxe3 8. fxe3 Nf6 9. Qb3 0-0 10. Nh4 Na5 11. Qc2 Nxc4 12. dxc4 Be6 13. Nd2 Ng4 14. Nf5 Bxf5 15. exf5 Nxe3 16. Qd3 Nxf1 17. Rxf1 c6 18. f6 Re8 19. Qg3 g6 20. Qh4 Qb6+ 21. Kh1 Qe3 22. Ne4 Re6 23. h3 b6 24. Rf3 Qc1+ 25. Kh2 d5 26. cxd5 cxd5 27. Ng3 Qg5 28. Qa4 Rxf6 29. h4 Rf4 30. Rxf4 Qxf4 31. Qxf4 exf4 32. Ne2 g5 33. h5 Re8 34. Nd4 Re5 35. Kh3 f5 36. Kh2 Kg7 37. Kg1 Kf6 38. Kf2 g4 39. Ne2 g3+ 40. Kf1 Kg5 41. Nd4 Kg4 42. Nc6 Re3 43. Nxa7 f3 44. gxf3+ Kxf3 0-1

[Event "Innsbruck op-B 2nd"]
[Site "Innsbruck"]
[Date "2018.08.28"]
[Round "5"]
[White "Reginato, Lino"]
[Black "Jagadeesh, Balakrishnan"]
[Result "0-1"]
[WhiteElo "1693"]
[BlackElo "1586"]
[PlyCount "96"]
[EventDate "2018.08.24"]
[EventType "swiss"]
[EventRounds "9"]
[EventCountry "AUT"]
[SourceTitle "CBM 186 Extra"]
[Source "ChessBase"]
[SourceDate "2018.08.24"]
[SourceVersion "1"]
[SourceVersionDate "2018.08.24"]
[SourceQuality "1"]

1. d4 Nf6 2. Nf3 c5 3. Bf4 cxd4 4. Nxd4 g6 5. e3 Bg7 6. c3 0-0 7. Nd2 d6 8. N4f3 Nbd7 9. Bc4 Nc5 10. h3 a6 11. 0-0 b5 12. Be2 Bb7 13. Bh2 Rc8 14. Nd4 Qb6 15. Bf3 Bxf3 16. N2xf3 b4 17. Rb1 bxc3 18. bxc3 Qa5 19. Nb3 Qxa2 20. Nxc5 Rxc5 21. Qd3 Qc4 22. Qc2 Qxc3 23. Qa2 a5 24. Rb7 Nd5 25. e4 Nb4 26. Qa4 Nc6 27. Qa2 Qc4 28. Qb1 a4 29. Bf4 Qc2 30. Qe1 a3 31. e5 a2 32. Qa1 Ra8 33. Rb2 Qa4 34. Be3 Rb5 35. Rxb5 Qxb5 36. Nd4 Nxd4 37. Bxd4 Bxe5 38. Bxe5 Qxe5 39. Qxe5 dxe5 40. Ra1 f5 41. Kf1 e4 42. Ke2 Kf7 43. Kd2 Ke6 44. Kc2 Ke5 45. Kb2 f4 46. Kc3 e3 47. fxe3 fxe3 48. Kd3 Kf4 0-1

[Event "Innsbruck op-B 2nd"]
[Site "Innsbruck"]
[Date "2018.08.26"]
[Round "2"]
[White "Wischounig, Laurin"]
[Black "Reginato, Lino"]
[Result "1-0"]
[WhiteElo "1900"]
[BlackElo "1693"]
[PlyCount "37"]
[EventDate "2018.08.24"]
[EventType "swiss"]
[EventRounds "9"]
[EventCountry "AUT"]
[SourceTitle "CBM 186 Extra"]
[Source "ChessBase"]
[SourceDate "2018.08.24"]
[SourceVersion "1"]
[SourceVersionDate "2018.08.24"]
[SourceQuality "1"]

1. d4 d5 2. c4 Nf6 3. cxd5 Bf5 4. f3 Bxb1 5. Rxb1 Qxd5 6. Qa4+ c6 7. e4 Nxe4 8. Bc4 Qf5 9. fxe4 Qxe4+ 10. Ne2 Qxb1 11. Qb3 b6 12. Bd3 Qa1 13. 0-0 e6 14. Be4 Bd6 15. Qc2 Qxa2 16. Bxc6+ Nxc6 17. Qxc6+ Ke7 18. Qb7+ Bc7 19. Qxc7+ 1-0

[Event "Mogliano Veneto op-B 31st"]
[Site "Mogliano Veneto"]
[Date "2010.05.01"]
[Round "3"]
[White "Reginato, Lino"]
[Black "Guarnieri, Matteo"]
[Result "0-1"]
[WhiteElo "1748"]
[BlackElo "1700"]
[PlyCount "50"]
[EventDate "2010.04.30"]
[EventType "swiss"]
[EventRounds "5"]
[EventCountry "ITA"]
[SourceTitle "EXT 2023"]
[Source "ChessBase"]
[SourceDate "2022.10.05"]
[SourceVersion "1"]
[SourceVersionDate "2022.10.05"]
[SourceQuality "1"]

1. d4 Nf6 2. Nf3 d5 3. Bf4 Bg4 4. e3 e6 5. c4 Bb4+ 6. Nc3 c6 7. a3 Bxc3+ 8. bxc3 Qa5 9. Qb3 Nbd7 10. Bd6 Ne4 11. Bb4 Qc7 12. Be2 a5 13. Qa4 Qd8 14. Bc5 Ndxc5 15. dxc5 Qf6 16. 0-0 Nxc3 17. Qc2 Nxe2+ 18. Qxe2 dxc4 19. Qxc4 Bxf3 20. gxf3 Qxf3 21. Rad1 h5 22. Rd4 Rh6 23. Rfd1 Qh3 24. f4 Rg6+ 25. Kf2 Rg2+ 0-1

[Event "Mogliano Veneto op-B 31st"]
[Site "Mogliano Veneto"]
[Date "2010.05.01"]
[Round "2"]
[White "Reginato, Lino"]
[Black "Reginato, Mauro"]
[Result "0-1"]
[WhiteElo "1748"]
[BlackElo "1904"]
[PlyCount "101"]
[EventDate "2010.04.30"]
[EventType "swiss"]
[EventRounds "5"]
[EventCountry "ITA"]
[SourceTitle "EXT 2023"]
[Source "ChessBase"]
[SourceDate "2022.10.05"]
[SourceVersion "1"]
[SourceVersionDate "2022.10.05"]
[SourceQuality "1"]

1. d4 d5 2. Nf3 Bg4 3. e3 c6 4. c4 e6 5. Nc3 Nf6 6. b3 Bd6 7. Be2 Nbd7 8. 0-0 Rc8 9. Nd2 Bf5 10. Bf3 0-0 11. e4 dxe4 12. Ndxe4 Bb8 13. h3 Qc7 14. Ng3 e5 15. Re1 Rfe8 16. Nce2 e4 17. Bf4 Qd8 18. Bxb8 exf3 19. Nf4 Bxh3 20. gxh3 Rxb8 21. Qxf3 Qa5 22. Re2 Rxe2 23. Nfxe2 Re8 24. Nc3 Qg5 25. Rd1 Nf8 26. d5 Ng6 27. Qf5 Qxf5 28. Nxf5 cxd5 29. cxd5 Rd8 30. d6 Nf4 31. Kh2 Ne8 32. Ne4 g6 33. d7 Nc7 34. Ne7+ Kf8 35. Nc8 Ncd5 36. Nxa7 Rxd7 37. Nc5 Re7 38. Rd2 b6 39. Nc8 Rc7 40. Nxb6 Nxb6 41. b4 Nbd5 42. Rd4 Re7 43. Kh1 Re2 44. a4 Rxf2 45. a5 Ne7 46. a6 Nf5 47. Rxf4 Rxf4 48. b5 Nd4 49. a7 Rf1+ 50. Kg2 Ra1 51. Na4 0-1

[Event "Mogliano Veneto op-B 31st"]
[Site "Mogliano Veneto"]
[Date "2010.04.30"]
[Round "1"]
[White "Rossi, Gianni"]
[Black "Reginato, Lino"]
[Result "1-0"]
[WhiteElo "1886"]
[BlackElo "1748"]
[PlyCount "38"]
[EventDate "2010.04.30"]
[EventType "swiss"]
[EventRounds "5"]
[EventCountry "ITA"]
[SourceTitle "EXT 2023"]
[Source "ChessBase"]
[SourceDate "2022.10.05"]
[SourceVersion "1"]
[SourceVersionDate "2022.10.05"]
[SourceQuality "1"]

1. d4 d5 2. e4 dxe4 3. Nc3 Nf6 4. f3 Bf5 5. fxe4 Nxe4 6. Qf3 Nxc3 7. bxc3 Qc8 8. Bc4 e6 9. Nh3 Nd7 10. 0-0 c5 11. Bd3 cxd4 12. Bxf5 exf5 13. Qxf5 Nf6 14. Re1+ Be7 15. Qg5 Qxc3 16. Bd2 Qc4 17. Qxg7 Kd7 18. Rxe7+ Kxe7 19. Re1+ Ne4 1-0

[Event "ITA-ch qual"]
[Site "Arvier"]
[Date "2009.10.03"]
[Round "8"]
[White "Reginato, Lino"]
[Black "Bitti, Sandro"]
[Result "0-1"]
[WhiteElo "1817"]
[BlackElo "1718"]
[PlyCount "100"]
[EventDate "2009.09.26"]
[EventType "swiss"]
[EventRounds "9"]
[EventCountry "ITA"]
[SourceTitle "CBM 132 Extra"]
[Source "ChessBase"]
[SourceDate "2009.11.03"]
[SourceVersion "1"]
[SourceVersionDate "2009.11.03"]
[SourceQuality "1"]

1. d4 d5 2. Nf3 c6 3. Bf4 Nf6 4. e3 Bf5 5. c4 h6 6. Nc3 e6 7. h3 Qb6 8. Qc1 Nbd7 9. c5 Qa5 10. a3 Be7 11. Be2 0-0 12. 0-0 Rfc8 13. b4 Qd8 14. b5 Ne4 15. Nxe4 Bxe4 16. bxc6 Rxc6 17. Qb2 Bxf3 18. Bxf3 b6 19. Be2 bxc5 20. Bb5 Rb6 21. dxc5 Nxc5 22. Qe2 a6 23. Bd3 Nxd3 24. Qxd3 Bd6 25. Qd4 Bxf4 26. Qxf4 Rc8 27. g3 Rc4 28. Qf3 a5 29. Qe2 Qc7 30. Ra2 a4 31. Kg2 Rb3 32. Rd1 Qc5 33. Rdd2 Rxa3 34. Rab2 Rb3 35. Qd1 Rxb2 36. Rxb2 a3 37. Rb8+ Kh7 38. Qd3+ g6 39. Qb1 d4 40. Qb7 Qd5+ 41. Qxd5 exd5 42. exd4 Rxd4 43. Ra8 Rd3 44. Kf1 Rd1+ 45. Ke2 Ra1 46. Kd2 a2 47. Kc2 Rf1 48. Rxa2 Rxf2+ 49. Kb1 Rxa2 50. Kxa2 Kg7 0-1

[Event "Treviso U2100 op"]
[Site "Treviso"]
[Date "2005.12.08"]
[Round "5.18"]
[White "Reginato, Lino"]
[Black "De Simon, Maurizio"]
[Result "0-1"]
[WhiteElo "1485"]
[BlackElo "1514"]
[PlyCount "79"]
[EventDate "2005.12.03"]
[EventType "swiss"]
[EventRounds "5"]
[EventCountry "ITA"]
[SourceTitle "EXT 2024"]
[Source "ChessBase"]
[SourceDate "2023.10.10"]
[SourceVersion "1"]
[SourceVersionDate "2023.10.10"]
[SourceQuality "1"]

1. d4 Nf6 2. Nf3 g6 3. Nbd2 Bg7 4. e3 d6 5. Bd3 Nc6 6. a3 a6 7. b4 b5 8. c4 bxc4 9. Bxc4 Bb7 10. Rb1 d5 11. Bd3 0-0 12. Nb3 Nd7 13. 0-0 e5 14. dxe5 Ncxe5 15. Nxe5 Bxe5 16. Bb2 Bxb2 17. Rxb2 Qf6 18. Nd4 Rfe8 19. Rc2 c6 20. Qc1 Ne5 21. Be2 Rac8 22. Nf3 Re7 23. Nxe5 Rxe5 24. Qb2 Rce8 25. Rfc1 Qd6 26. Bxa6 Ba8 27. Bf1 Rh5 28. g3 Rhe5 29. Rc5 h5 30. h4 g5 31. hxg5 Rxg5 32. Bh3 h4 33. g4 f5 34. f4 Rg6 35. g5 Rxe3 36. Bxf5 Rg3+ 37. Kh1 Qxf4 38. Bxg6 Qf3+ 39. Kh2 Rh3+ 40. Kg1 0-1

[Event "Treviso U2100 op"]
[Site "Treviso"]
[Date "2005.12.08"]
[Round "4.19"]
[White "Reginato, Lino"]
[Black "Pagan, Nicolo"]
[Result "1-0"]
[WhiteElo "1485"]
[BlackElo "1676"]
[PlyCount "92"]
[EventDate "2005.12.03"]
[EventType "swiss"]
[EventRounds "5"]
[EventCountry "ITA"]
[SourceTitle "EXT 2024"]
[Source "ChessBase"]
[SourceDate "2023.10.10"]
[SourceVersion "1"]
[SourceVersionDate "2023.10.10"]
[SourceQuality "1"]

1. d4 Nf6 2. Nf3 e6 3. e3 b6 4. Be2 Bb7 5. 0-0 d5 6. Nbd2 Nbd7 7. c4 dxc4 8. Nxc4 Be7 9. Nfe5 0-0 10. Bf3 Bxf3 11. Qxf3 Nxe5 12. Nxe5 c5 13. Rd1 Qd5 14. Qxd5 Nxd5 15. Nc6 Bd6 16. e4 Ne7 17. Nxe7+ Bxe7 18. d5 exd5 19. exd5 Bf6 20. Rb1 Rad8 21. Bf4 Rd7 22. Rd2 Rfd8 23. d6 g5 24. Bg3 Bd4 25. Re1 f5 26. h4 f4 27. Bh2 h6 28. g3 fxg3 29. Bxg3 gxh4 30. Bh2 Rg7+ 31. Kf1 Rdd7 32. Rde2 Rgf7 33. Re8+ Kg7 34. R1e2 Bf6 35. Rc8 Bg5 36. Re6 Bf4 37. Bxf4 Rxf4 38. Re7+ Rf7 39. Rc7 Rxd6 40. Rxf7+ Kg6 41. Rxa7 Kh5 42. Rg7 h3 43. Kg1 Rd2 44. Ra3 Kh4 45. Rf3 Rxb2 46. Kh2 Rxa2 1-0